000 00593nam a2200229Ia 4500
003 OSt
005 20220928111602.0
006 a|||||r|||| 00| 0
007 ta
008 220927b |||||||| |||| 00| 0 hin d
024 _a138384
037 _cTextual
040 _aSDCL
_cSDCL
_bhin
041 _2hin
_ahin
082 _aQ3, M4
100 _aJain Shikhar Chand
_9424340
245 0 _aJain dharm aur darshan.
260 _aDelhl
_bBaahubali Publications
_c1985
300 _a88p.
_ccm.
942 _hQ3, M4
_cTEXL
_2CC
999 _c740959
_d740959